000 00232nam a22000857a 4500
008 160715b xxu||||| |||| 00| 0 eng d
100 _92894
_a Urbanska, W
245 _aThe Singular Generation
260 _aNew York
_b Doubleday & Com
_c1986
999 _c2460
_d2460